| 000 | 00677nam a22002057a 4500 | ||
|---|---|---|---|
| 999 |
_c175107 _d175107 |
||
| 005 | 20200807115720.0 | ||
| 010 | _aENG-128323 | ||
| 020 |
_c750.00 _a9789352838400 |
||
| 035 | _aEN-111855 | ||
| 037 | _bDBAD/PUB | ||
| 082 | _a510 | ||
| 100 | _aMalhotra,O.P | ||
| 245 |
_aISC Mathematics Book 1 for class XI/ _cby O. P Malhotra ,Gupta S.K [and] Gangal Anubhuti |
||
| 260 |
_aNew Delhi _bS.Chand _c2019 |
||
| 270 |
_aHead Office:7361,Ram Nagar,Qutab Rord _bNew Delhi _e110055 _k23672080 _l91-11-23677446 _minfo@schandpublishing.com |
||
| 300 |
_avarious pages. _c24cm(pbk) |
||
| 700 | _aGupta,S.K | ||
| 700 | _aGangal,Anubhuti | ||
| 942 |
_2ddc _cEN _h510 _mMAL |
||